MARC

LEADER 00000nam0a2200000 4500
001 275636
005 20231101234837.0
020 |a RU  |b 85-106957 
035 |a (RuTPU)RU\TPU\book\298881 
090 |a 275636 
100 |a 20141115d1985 km y0rusy5003 ca 
101 0 |a rus 
102 |a RU 
105 |a a z 001zy 
200 1 |a Производство и использование ванадиевых шлаков  |f Л. А. Смирнов [и др.] 
210 |a Москва  |c Металлургия  |d 1985 
215 |a 126 с.  |c ил. 
225 1 |a Проблемы сталеплавильного производства 
320 |a Библиогр.: с. 120-124 
606 1 |a Ванадиевые шлаки  |x Окисление  |2 stltpush  |3 (RuTPU)RU\TPU\subj\22049  |9 46935 
610 1 |a ванадий 
610 1 |a металлургия 
610 1 |a выплавка 
610 1 |a химический состав 
610 1 |a производство 
610 1 |a применение 
675 |a 669.292  |v 4 
701 1 |a Смирнов  |b Л. А.  |g Леонид Андреевич 
701 1 |a Дерябин  |b Ю. А.  |g Юрий Андреевич 
701 1 |a Раковский  |b Ф. С.  |g Феликс Степанович 
701 1 |a Филиппенков  |b А. А.  |g Анатолий Анатольевич 
701 1 |a Коваленко  |b Л. В.  |g Лев Васильевич 
801 0 |a RU  |b RuMRKP  |c 19950704  |g psbo 
801 1 |a RU  |b 63413507  |c 20141115 
801 2 |a RU  |b 63413507  |c 20170330  |g RCR 
942 |c BK